Días Lluviosos - Juhn, Lenny Tavárez - Estadísticas

Estadísticas generales
  • Esta prueba ha sido intentada 28 veces
  • La puntuación promedio es 272 de 463
Estadísticas de respuestas
Letra % Correcto
a
100%
A
100%
Baby
100%
baby
100%
bebé
100%
da
100%
día
100%
días
100%
el
100%
El
100%
es
100%
Es
100%
la
100%
La
100%
las
100%
Las
100%
llamarte
100%
lo
100%
Lo
100%
los
100%
me
100%
Me
100%
que
100%
Que
100%
quiero
100%
S
100%
se
100%
sé,
100%
te
100%
100%
100%
tu
100%
y
100%
Y
100%
ya
100%
yo
100%
Yo
100%
amor
50%
clima
50%
con
50%
curarme
50%
de
50%
del
50%
Dime
50%
disfruto
50%
en
50%
entero
50%
eres
50%
extraño
50%
hacerte
50%
he
50%
Hoy
50%
Le
50%
lluviosos
50%
más
50%
medicina
50%
Mi
50%
mi
50%
No
50%
no
50%
pa'
50%
por
50%
será
50%
Si
50%
tal
50%
Triple
50%
un
50%
va
50%
ver
50%
verte
50%
vez
50%
abajo
0%
Acuéstate
0%
aguacero
0%
Alerta
0%
aquí
0%
bajo
0%
bendición
0%
beso
0%
cada
0%
calentarnos
0%
cama
0%
can
0%
canción
0%
casa
0%
comerte
0%
como
0%
cositas
0%
cuando
0%
Cuando
0%
cuarto
0%
dan
0%
Debajo
0%
echarte
0%
empiezo
0%
escampe
0%
esperando
0%
está
0%
Esta
0%
están
0%
frescas
0%
fuck
0%
gota
0%
grises
0%
haber
0%
haces
0%
Hagamos
0%
hagas
0%
hago
0%
hicimos
0%
huracanados
0%
If
0%
imaginarte
0%
in
0%
inundación
0%
jueves
0%
lengua
0%
llamé
0%
Llega
0%
lloviendo
0%
llueve
0%
lunes
0%
maldición
0%
martes,
0%
mente
0%
miércoles
0%
motel
0%
muerdes
0%
Nena
0%
nubes
0%
nubla
0%
olvídate
0%
Olvídate
0%
pa'l
0%
pases
0%
pensarte
0%
pero
0%
ponte
0%
posición
0%
prendido
0%
presta
0%
provocarte
0%
puede
0%
Puedes
0%
puso
0%
quedarte
0%
quede
0%
recuerdes
0%
Relájate
0%
relajo
0%
retroceder
0%
ropa
0%
sábanas
0%
salir
0%
Sexo
0%
sin
0%
solo
0%
subido
0%
televisor
0%
tensa
0%
toda
0%
trabajo
0%
van
0%
Ven
0%
vientos
0%
visitarme
0%
want
0%
we
0%
you
0%
No se encontraron pruebas coincidentes
Distribución de puntuación
Porcentaje de gente con cada puntuación
Porcentaje por número respondido
Historial de tus puntuaciones
No has intentado esta prueba.